NBA Year in Review: 2005–06 - Statistics

General Stats
  • This quiz has been taken 54 times
  • The average score is 8 of 14
Answer Stats
Hint Answer % Correct
Finals MVP Dwyane Wade
96%
All-Star Game MVP LeBron James
92%
Points Per Game Leader Kobe Bryant
80%
Most Valuable Player Steve Nash
80%
Assists Per Game Leader Steve Nash
80%
Rookie of the Year Chris Paul
62%
Defensive Player of the Year Ben Wallace
60%
Steals Per Game Leader Gerald Wallace
58%
Triple-Doubles Leader Jason Kidd
54%
Rebounds Per Game Leader Kevin Garnett
54%
Coach of the Year Avery Johnson
18%
Most Improved Player Boris Diaw
16%
Blocks Per Game Leader Marcus Camby
16%
Sixth Man of the Year Mike Miller
16%
No matching quizzes found
Score Distribution
Percent of People with Each Score
Percentile by Number Answered
Your Score History
You have not taken this quiz